Historia natural y moral de las Indias, en que se tratan de las cosas notables del cielo, elementos, metales, plantas y animales dellas; y los ritos y ceremonias, leyes y gobierno de los indios
Shranjeno v:
| Glavni avtor: | |
|---|---|
| Drugi avtorji: | |
| Format: | Knjiga |
| Jezik: | španščina |
| Izdano: |
Ciudad de México
Fondo de Cultura Económica
1962
|
| Izdaja: | 2a. ed |
| Serija: | Biblioteca Americana. Serie de Cronistas de Indias
|
| Teme: | |
| Oznake: |
Označite
Brez oznak, prvi označite!
|
MARC
| LEADER | 00000nam a2200000 a 4500 | ||
|---|---|---|---|
| 001 | UCV9708 | ||
| 003 | CL-VaPUC | ||
| 005 | 20220920172948.0 | ||
| 008 | 930408e19620000MX |||||||||||||||||spa|d | ||
| 999 | |c 215008 |d 215006 | ||
| 040 | |c Pontificia Universidad Católica de Valparaíso | ||
| 082 | 0 | 4 | |a 980.01 |b ACO |2 21 |
| 100 | 1 | |a Acosta, José de |e autor |9 321868 | |
| 245 | 1 | 0 | |a Historia natural y moral de las Indias, en que se tratan de las cosas notables del cielo, elementos, metales, plantas y animales dellas; y los ritos y ceremonias, leyes y gobierno de los indios |
| 250 | |a 2a. ed | ||
| 260 | |a Ciudad de México |b Fondo de Cultura Económica |c 1962 | ||
| 300 | |a 444 p | ||
| 490 | 0 | |a Biblioteca Americana. Serie de Cronistas de Indias | |
| 583 | |a last modification |c 20190624 09:18:13 |k Rodrigo Vera | ||
| 650 | 7 | |a INDIOS DE MEXICO |2 CL-VaPUC |9 255267 | |
| 650 | 7 | |a INDIOS DE PERU |2 CL-VaPUC |9 303732 | |
| 650 | 0 | |a Historia natural |9 268584 | |
| 650 | 7 | |a RELATOS ANTERIORES A 1600 |2 CL-VaPUC |9 268585 | |
| 651 | 0 | |a América del Sur |9 260128 | |
| 700 | |a O'Gorman, Edmundo |e editor |9 876845 | ||
| 942 | |c BK |2 ddc | ||
| 945 | |d 19930408 00:00:00 | ||
| 952 | |0 0 |1 0 |2 ddc |4 0 |6 980_010000000000000_ACO_1962 |7 0 |8 P |9 198889 |a BIBARQ |b BIBARQ |d 2019-11-14 |i 2662612 |o 980.01 ACO 1962 |p 2662612 |r 2025-01-20 |w 2019-11-14 |y BK |k ARQ | ||